000 00780nam a2200217Ii 4500
003 JO-AjNU
008 230605s9999||||xx |||||||||||||| ||und||
017 _a1985/693
040 _aJO-AjNU
_bara
_erda
_cJO-AjNU
041 _aara
050 1 4 _aLC747.J7.B3736 1985
100 3 _aالبراك، فاضل,
_eauthor
_938807
245 0 0 _aالمدارس اليهودية والإيرانية في العراق:دراسة مقارنة
250 _aط2 مزيدة ومنقحة
264 3 1 _aبغداد:المؤلف،1985
300 _a351ص
_bملحق:ص(235-351)
336 _atext
_btxt
_2rdacontent
337 _aunmediated
_bn
_2rdamedia
338 _avolume
_bnc
_2rdacarrier
650 4 _aالمدارس اليهودية-المدارس الإيرانية-العراق
_938808
999 _aA16335
_c19903
_d19903